| 000 | 00537nam a2200145 a 4500 | ||
|---|---|---|---|
| 001 | 000044508 | ||
| 005 | 20201002045426.0 | ||
| 008 | 140703s2010 br ac 000 0 spa d | ||
| 020 | _a9788533306066 | ||
| 040 |
_aDO-SdBNP _bspa _cBNPHU |
||
| 245 | 0 | 0 |
_aAcervo iconográfico da Biblioteca Nacional : _bestudos de Lygia da Fonseca Fernandes da Cunha / _cRenata Santos ; organizadores Marcus Venicio Ribeiro...[et.al]. |
| 260 |
_aRio de Janeiro : _bMinisterio da Cultura, _c2010. |
||
| 300 |
_a256 p. ; _c25 cm. |
||
| 700 | 1 | 2 |
_aRenata Santos _972532 |
| 999 |
_c43997 _d43997 |
||